Indian fiscal federalism/ (Record no. 173094)

MARC details
000 -LEADER
fixed length control field 00607nam a22001937a 4500
005 - DATE AND TIME OF LATEST TRANSACTION
control field 20200218130821.0
010 ## - LCCN (DPL NO)
LC control number ENG-127901
020 ## - INTERNATIONAL STANDARD BOOK NUMBER
Terms of availability 695.00
International Standard Book Number 9780199493623
035 ## - SYSTEM CONTROL NUMBER
System control number EN-111433
037 ## - SOURCE OF ACQUISITION
Source of stock number/acquisition DBAD/PUB
082 ## - DEWEY DECIMAL CLASSIFICATION NUMBER
Classification number 336.54
100 ## - MAIN ENTRY--PERSONAL NAME
Personal name Reddy, Y.Venugopal
245 ## - TITLE STATEMENT
Title Indian fiscal federalism/
Statement of responsibility, etc by Y.V. Reddy [and] G.R. Reddy
260 ## - PUBLICATION, DISTRIBUTION, ETC. (IMPRINT)
Place of publication, distribution, etc New Delhi
Date of publication, distribution, etc 2019
Name of publisher, distributor, etc Oxford University Press
270 ## - ADDRESS
Address 2/11 Ground Floor,Ansari Road,Dariyaganj
Postal code 110002
City New Delhi
300 ## - PHYSICAL DESCRIPTION
Extent xvii;273p.
Other physical details 22(hb)
500 ## - GENERAL NOTE
General note includes bibliographical references and index
942 ## - ADDED ENTRY ELEMENTS (KOHA)
Source of classification or shelving scheme Dewey Decimal Classification
Item type English Books
Classification part RID
Call number prefix 336.54
Holdings
Withdrawn status Lost status Not for loan Collection code Home library Current library Date acquired Source of acquisition Cost, normal purchase price Full call number Barcode Copy number Cost, replacement price Koha item type
      Non-fiction Central Library Central Library 18/02/2020 DBAD/PUB 695.00 RID EN-111433 1 695.00 English Books

© Delhi Public Library
Hit Counter
free hit counter